| 000 | 00505nam a2200145 a 4500 | ||
|---|---|---|---|
| 001 | 000031625 | ||
| 005 | 20250204092151.0 | ||
| 008 | 110628s1989 dr 000 0 spa d | ||
| 040 |
_aDO-SdBNP _bspa _cBNPHU |
||
| 245 | 0 | 0 |
_aAurora Tavarez Belliard / _cselección y notasde Julio Jaime Julia. |
| 260 |
_aMoca, República Dominicana : _bComisión Organizadora Permanente de la Feria Nacional del Libro, _c1989. |
||
| 300 |
_a59 p. ; _c22 cm. |
||
| 700 | 1 |
_aJulia, Julio Jaime _d1922-1993 _920185 |
|
| 049 | _aBNPD | ||
| 999 |
_c31117 _d31117 |
||